000 00557nam a2200181Ia 4500
003 GCL
008 140319s9999 xx 000 0 ara d
040 _aGCL /
_cGCL
082 0 4 _a791.43
_bهـ ن
100 1 _aهاشم النحاس
245 1 0 _aنجيب محفوظ على الشاشة (هدبة من الاديب عبدالفتاح الجمل) /
_cهاشم النحاس
300 _a224 ص
490 _a
650 0 4 _aالادب العربى
650 0 4 _aالافلام التلفزيونية
650 0 4 _aنجيب محفوظ
942 _2ddc
_cBK
999 _c40594
_d40594